Инструктивные указания по проведению геофизических работ методом индукции

Dettagli Bibliografici
Lingua:russo
Pubblicazione: Москва, Госгеолтехиздат, 1959
Soggetti:
Natura: MixedMaterials Libro
KOHA link:https://koha.lib.tpu.ru/cgi-bin/koha/opac-detail.pl?biblionumber=321623

MARC

LEADER 00000nam0a2200000 4500
001 321623
005 20231102003408.0
035 |a (RuTPU)RU\TPU\book\347179 
090 |a 321623 
100 |a 20160901d1959 km y0rusy50 ca 
101 0 |a rus 
102 |a RU 
105 |a a z 001zy 
200 1 |a Инструктивные указания по проведению геофизических работ методом индукции 
210 |a Москва  |c Госгеолтехиздат  |d 1959 
215 |a 40 с.  |c ил. 
320 |a Библиогр.: с. 31 
606 1 |a Электроразведка  |x Метод индукции  |2 stltpush  |3 (RuTPU)RU\TPU\subj\20755  |9 45836 
610 1 |a аппаратура 
610 1 |a эксплуатация 
610 1 |a полевые работы 
610 1 |a наблюдения 
610 1 |a съемка 
610 1 |a графическое изображение 
610 1 |a запись 
675 |a 550.837.6  |v 3 
801 1 |a RU  |b 63413507  |c 20160901 
801 2 |a RU  |b 63413507  |c 20160906  |g RCR 
942 |c BK